000
00244 a2200097 4500
001
33950
100
_a
Meriam, J.L.
245
_a
Engineering mechanics ; dynamics instructor's manual
260
_a
NY
_b
John willey
_c
1997
090
_c
22515
_d
22515
942
_a
NUST-CAE
_c
M
_c
13909
999
_c
269023
_d
269023